|
|
|
|
| LEADER |
00748nam a2200181Ia 4500 |
| 001 |
CTU_26869 |
| 008 |
210402s9999 xx 000 0 und d |
| 082 |
|
|
|a 540
|
| 082 |
|
|
|b Th305/1993
|
| 100 |
|
|
|a Nguyễn Thị Mỹ Thiên
|
| 245 |
|
0 |
|a Khảo sát cấu tạo nguyên tử và định luật tuần hoàn áp dụng giải bài tập
|
| 245 |
|
0 |
|b Luận văn tốt nghiệp Đại học Sư phạm ngành Hóa Khóa 15
|
| 245 |
|
0 |
|c Nguyễn Thị Mỹ Thiên
|
| 260 |
|
|
|a Cần Thơ
|
| 260 |
|
|
|b Trường Đại học Cần Thơ, Khoa Sư phạm, Bộ môn Hóa
|
| 260 |
|
|
|c 1994
|
| 904 |
|
|
|i Nguyễn Quang Điền, 981020
|
| 980 |
|
|
|a Trung tâm Học liệu Trường Đại học Cần Thơ
|